00775cam a2200241 a 45000010009000000050017000090080041000260100017000670200035000840400018001190410008001370430012001450800019001570820023001761000007001991010008002062450061002145040066002759060045003419420012003869990017003989520118004151200776620180312044918.0000515s2000 cau b 001 0 eng  a 00009551  a0761987029 (pbk. : alk. paper) aDLCcDLCdDLC aeng an-us--- a305.260973 WAL00a305.260973 WAL221 a50 aSOC00aFamilies in later life :cAlexis J. Walker ... [et al.]. aIncludes bibliographical references (p. 293-300) and indexes. a7bcbccorignewd1eecipf20gy-gencatlg 2ddccBK c44674d44674 00102udc40708PËKGa002b002cPËKGd2018-03-12l0o305.260973 WALp002-3001421r2018-03-12w2018-03-12yBK